|
|
|
|
| LEADER |
00000cam a2200000 a 4500 |
| 001 |
29312 |
| 003 |
CZ-ZlUTB |
| 005 |
20220331102840.0 |
| 008 |
030905s2003 xr | |000 0 cze |
| 952 |
|
|
|0 0
|1 0
|4 0
|6 343TRESTNÍ
|7 0
|8 BOOK
|9 70940
|a UTBZL
|b UTBZL
|c 010
|d 2006-11-24
|l 1
|m 6
|o 343/TRESTNÍ
|p 420010103907
|q 2028-12-31
|r 2019-08-25 00:00:00
|v 493.00
|w 2019-08-25
|x změnit signaturu | N:nákup | 20100430
|y 08
|
| 999 |
|
|
|c 29312
|d 29312
|
| 020 |
|
|
|a 8086395731(váz.)
|
| 040 |
|
|
|a OSA001
|b cze
|d ZLD002
|
| 072 |
|
7 |
|a 343
|x Trestní právo
|2 Konspekt
|9 16
|
| 080 |
|
|
|a 343.2
|2 MRF
|
| 245 |
0 |
0 |
|a Trestní právo hmotné.
|n 1,
|p Obecná část /
|c Oto Novotný ... [et al.]
|
| 246 |
3 |
0 |
|a Obecná část
|
| 250 |
|
|
|a 4. přeprac. vyd.
|
| 260 |
|
|
|a Praha :
|b ASPI,
|c 2003
|
| 300 |
|
|
|a 435 s.
|
| 500 |
|
|
|a Obsahuje grafy
|
| 500 |
|
|
|a Obsahuje rejstřík
|
| 650 |
0 |
7 |
|a trestní právo hmotné
|7 ph126731
|2 czenas
|
| 655 |
0 |
7 |
|a učebnice vysokých škol
|7 fd133772
|2 czenas
|
| 700 |
1 |
|
|a Novotný, Oto,
|d 1928-2020
|7 jk01090762
|4 aut
|
| 910 |
|
|
|a ZLD002
|
| 942 |
|
|
|2 udc
|
| 992 |
|
|
|a BK
|